<?xml version="1.0" encoding="UTF-8"?>
<collection xmlns="http://www.loc.gov/MARC21/slim">
 <record>
  <leader>01278cam a2200361 i 4500</leader>
  <controlfield tag="001">000049709</controlfield>
  <controlfield tag="003">9720</controlfield>
  <controlfield tag="005">20030324094809.0</controlfield>
  <controlfield tag="008">010406|2000    vm            000   eng</controlfield>
  <datafield tag="020" ind1=" " ind2=" ">
   <subfield code="a">041519010X</subfield>
  </datafield>
  <datafield tag="040" ind1=" " ind2=" ">
   <subfield code="a">IRC</subfield>
   <subfield code="c">IRC</subfield>
   <subfield code="d">IRC</subfield>
  </datafield>
  <datafield tag="041" ind1="0" ind2=" ">
   <subfield code="a">eng</subfield>
  </datafield>
  <datafield tag="082" ind1="1" ind2="4">
   <subfield code="a">332.673411078</subfield>
   <subfield code="b">JA-W</subfield>
  </datafield>
  <datafield tag="100" ind1="1" ind2=" ">
   <subfield code="a">Jackson, W. Turrentine</subfield>
   <subfield code="q">(William Turrentine),</subfield>
   <subfield code="d">1915-</subfield>
  </datafield>
  <datafield tag="245" ind1="0" ind2="4">
   <subfield code="a">The evolution of International business 1800-1945.</subfield>
   <subfield code="n">Volume 3 :</subfield>
   <subfield code="p">The enterprising Scot : investors in the American West after 1873 /</subfield>
   <subfield code="c">W. Turrentine Jackson.</subfield>
  </datafield>
  <datafield tag="260" ind1=" " ind2=" ">
   <subfield code="a">London ; New York :</subfield>
   <subfield code="b">Routledge,</subfield>
   <subfield code="c">2000.</subfield>
  </datafield>
  <datafield tag="300" ind1=" " ind2=" ">
   <subfield code="a">xiii, 415 p. :</subfield>
   <subfield code="b">ill. ;</subfield>
   <subfield code="c">22.2cm.</subfield>
  </datafield>
  <datafield tag="520" ind1="3" ind2=" ">
   <subfield code="a">The Scot discovers the American West as a field for investment. The great decade of Scottish-American investment. The Scottish cattle company boom. Alien land tenure and legislation...</subfield>
  </datafield>
  <datafield tag="630" ind1="0" ind2="4">
   <subfield code="a">Economics.</subfield>
  </datafield>
  <datafield tag="630" ind1="0" ind2="4">
   <subfield code="a">Business.</subfield>
  </datafield>
  <datafield tag="630" ind1="0" ind2="4">
   <subfield code="a">Investments.</subfield>
  </datafield>
  <datafield tag="650" ind1="0" ind2="4">
   <subfield code="a">Investments, Scottish</subfield>
   <subfield code="z">West (U.S.)</subfield>
   <subfield code="x">History.</subfield>
  </datafield>
  <datafield tag="650" ind1="0" ind2="4">
   <subfield code="a">United States</subfield>
   <subfield code="b">Economic conditions</subfield>
   <subfield code="y">1865-1918.</subfield>
  </datafield>
  <datafield tag="OWN" ind1=" " ind2=" ">
   <subfield code="a">DUT</subfield>
  </datafield>
  <datafield tag="999" ind1=" " ind2=" ">
   <subfield code="a">From the UDN01</subfield>
  </datafield>
  <datafield tag="TYP" ind1=" " ind2=" ">
   <subfield code="a">Monograph</subfield>
  </datafield>
  <datafield tag="TYP" ind1=" " ind2=" ">
   <subfield code="a">Printed language</subfield>
  </datafield>
  <datafield tag="980" ind1=" " ind2=" ">
   <subfield code="a">Mạng thư viện Đại học Đà Nẵng</subfield>
  </datafield>
 </record>
</collection>
